Experience : Xây dựng trải nghiệm trong thời đại khách hàng khó tính
Nội dung sách thúc đẩy bạn đọc xem xét lại mô hình kinh doanh, sản phẩm và dịch vụ, tiếp thị hình thành nên mối quan hệ hình thành nên giữa khách hàng và thương hiệu trong thời đại mới. Chia sẻ lý do vì sao sản phẩm tốt, marketing sáng tạo và d...
Spremljeno u:
| Glavni autor: | |
|---|---|
| Daljnji autori: | , |
| Format: | Knjiga |
| Jezik: | Vietnamese |
| Izdano: |
H.
Lao động
2019
|
| Teme: | |
| Oznake: |
Dodaj oznaku
Bez oznaka, Budi prvi tko označuje ovaj zapis!
|
| Thư viện lưu trữ: | Thư viện Trường Đại học Nam Cần Thơ |
|---|
| LEADER | 01363nam a22002177a 4500 | ||
|---|---|---|---|
| 001 | NCT_150838 | ||
| 008 | 230603b xxu||||| |||| 00| 0 vie d | ||
| 999 | |c 7796 |d 7796 | ||
| 020 | |a 9786049324246 |c 28000 | ||
| 082 | 0 | 4 | |2 23rd ed. |a 338.4 |b S687 |
| 100 | 1 | |a Solis, Brian | |
| 245 | 1 | 0 | |a Experience : |b Xây dựng trải nghiệm trong thời đại khách hàng khó tính |c Brian Solis; Nhật Mỹ, Trà My (dịch) |
| 260 | |a H. |b Lao động |c 2019 | ||
| 300 | |a 271 tr. |b minh họa |c 21cm | ||
| 520 | 3 | |a Nội dung sách thúc đẩy bạn đọc xem xét lại mô hình kinh doanh, sản phẩm và dịch vụ, tiếp thị hình thành nên mối quan hệ hình thành nên giữa khách hàng và thương hiệu trong thời đại mới. Chia sẻ lý do vì sao sản phẩm tốt, marketing sáng tạo và dịch vụ khách hàng thú vị đến thế nào cũng không còn đủ để doanh nghiệp giành được khách hàng | |
| 653 | |a Quản trị kinh doanh | ||
| 700 | 0 | |a Nhật Mỹ |e Dịch | |
| 700 | 0 | |a Trà My |e Dịch | |
| 942 | |2 ddc |c BK | ||
| 952 | |0 0 |1 0 |2 ddc |4 0 |6 338_400000000000000_S687 |7 0 |9 27785 |a 000001 |b 000001 |d 2023-06-03 |o 338.4 S687 |p MD.21867 |r 2023-06-03 |v 280000.00 |w 2023-06-03 |y BK | ||
| 980 | |a Thư viện Trường Đại học Nam Cần Thơ | ||


